| 000 | 01790cam a2200433 i 4500 | ||
|---|---|---|---|
| 001 | 19000201 | ||
| 003 | NUST | ||
| 005 | 20220411121503.0 | ||
| 008 | 160304s2015 pk 000 0 eng | ||
| 010 | _a 2016349010 | ||
| 020 | _a9789698550110 | ||
| 025 | _aP-E-2016349010 | ||
| 037 |
_bLibrary of Congress -- Islamabad Overseas Office _cRs 600 |
||
| 038 | _awaseem | ||
| 040 |
_aDLC _beng _cDLC _erda _dDLC |
||
| 042 | _alcode | ||
| 043 | _aa-pk--- | ||
| 050 | 0 | 0 |
_aHN690.5.K2765 _bC43 2015 |
| 082 |
_a303.6909549183 _bCHA |
||
| 245 | 0 | 4 |
_aThe challenge of conflict prevention in Pakistan : _ba case study of Karachi / _cedited by Moonis Ahmar. |
| 264 | 1 |
_aKarachi : _bProgram on Peace Studies and Conflict Resolution, Dept. of International Relations University of Karachi, _c2015. |
|
| 300 |
_a148 pages ; _c23 cm |
||
| 336 |
_atext _btxt _2rdacontent |
||
| 337 |
_aunmediated _bn _2rdamedia |
||
| 338 |
_avolume _bnc _2rdacarrier |
||
| 563 | _aHBK. | ||
| 650 | 0 |
_aConflict management _zPakistan _zKarachi _vCase studies. _990896 |
|
| 650 | 0 |
_aPeace-building _zPakistan _zKarachi _vCase studies. _990897 |
|
| 650 | 0 |
_aEthnic conflict _zPakistan _zKarachi _vCase studies. _990898 |
|
| 650 | 0 |
_aPolitical violence _zPakistan _zKarachi _vCase studies. _990899 |
|
| 650 | 0 |
_aEthnicity _xPolitical aspects _zPakistan _zKarachi _vCase studies. _990900 |
|
| 651 | 0 |
_aPakistan _xPolitics and government _y21st century. _91623 |
|
| 700 | 1 |
_aAhmar, Moonis, _eeditor. _990901 |
|
| 710 | 2 |
_aUniversity of Karachi. _bProgram on Peace Studies and Conflict Resolution. _990902 |
|
| 856 | 4 | 1 |
_3Table of contents only _uhttps://www.loc.gov/catdir/toc/fy17pdf01/2016349010.html |
| 906 |
_a7 _bcbc _corigode _d3 _encip _f20 _gy-gencatlg |
||
| 942 |
_2ddc _cBK |
||
| 999 |
_c589092 _d589092 |
||